Délmagyarország. - 1973. január 21., Vasárnap
Elmentve itt :
| Dokumentumtípus: | Újság |
|---|---|
| Megjelent: |
1973-01-21
|
| Sorozat: | Délmagyarország
63 No. 17 |
| Online Access: | http://dmarchiv.bibl.u-szeged.hu/18876 |
| LEADER | 00490nas a2200145 i 4500 | ||
|---|---|---|---|
| 001 | delm18876 | ||
| 005 | 20200415081122.0 | ||
| 008 | 171215s1973 hu n o 0|| hun d | ||
| 022 | |a 0133-025X | ||
| 040 | |a SZTE Délmagyarország Archívum |b hun | ||
| 041 | |a hun | ||
| 245 | 0 | 0 | |a Délmagyarország. - 1973. január 21., Vasárnap |h [elektronikus dokumentum] |
| 260 | |c 1973-01-21 | ||
| 490 | 0 | |a Délmagyarország |v 63 No. 17 | |
| 856 | 4 | 0 | |u http://dmarchiv.bibl.u-szeged.hu/18876/1/dm_1973_017.pdf |z Dokumentum-elérés |